00614nam a22001817a 450000500170000001000150001702000120003203500140004403700130005808200110007110000240008224500910010630000230019771000350022094200240025599900190027995201340029820240202122140.0 aENG-138903 c2000.00 aEN-122435 bDBAD/PUB a138903 aSen, Ronojoy961589 aIndigenous Habitat Vestiges Of Ancestral Life In India's North East /bShyamlal Datta a343 p.c25 cm(hbk) aRoma ChatterjeeeEditor959600 2ddccENh954.5mIND c200152d200152 001040718NFICaAVbAVd2024-01-16eDBAD/PUBg2000.00l0o954.5 INDpEN-122435r2024-01-16 00:00:00t1v2000.00w2024-01-16yEN